Les personnages de Saint Seiya (Les Chevaliers du Zodiaque) - Statistiques

Statistiques générales
  • Ce quiz a été pris 1 282 fois
  • Le résultat moyen est 43 sur 98
Statistiques - réponses
Armure/Définition Nom % Correct
Pégase Seiya
98%
Phénix Ikki
94%
Dragon Shiryu
94%
Andromède Shun
94%
Cygne Hyoga
90%
Bélier
89%
Taureau Aldébaran
87%
Dieu des Mers Poséidon
87%
Déesse de la Guerre Athéna
86%
Dieu des enfers Hadès
86%
Vierge Shaka
86%
Poissons Aphrodite
85%
Aigle Marine
85%
Cancer Masque de mort
85%
Gémeaux Saga
85%
Scorpion Milo
84%
Verseau Camus
83%
Balance Dohko
82%
Capricorne Shura
82%
Sagittaire Aiolos
81%
Licorne Jabu
80%
Lion Aiolia
79%
Réincarnation d'Athéna Saori Kido
79%
Serpentaire Shina
79%
Dragon des mers Kanon
73%
Dieu de la mort Thanatos
71%
Dieu du sommeil Hypnos
70%
Disciple de Mû Kiki
66%
Lyre Orphée
63%
Hydre Femelle Ichi
53%
Grande Ourse Geki
52%
Wyverne Rhadamanthe
52%
Kraken Isaac
51%
Griffon Minos
51%
Lézard Misty
51%
Grand Pope Shion
50%
Petit Lion Ban
49%
Soeur du dieu des enfers Pandore
49%
Scylla Io
48%
Caméléon June
48%
Soeur de Seiya Seika
48%
Elève de Shina Cassios
47%
Persée Algol
46%
Bien-aimée d'Ikki Esméralda
46%
Réincarnation de Poséidon Julian Solo
46%
Sirène (Siren) Sorrento
46%
Loup Nachi
45%
Bien-aimée de Shiryu Shunrei
44%
Garuda Eaque
42%
Chiens de chasse Astérion
39%
Baleine Mozes
39%
Chrysaor Krishna
38%
Bien-aimée d'Orphée Eurydice
36%
Corbeau Jamian
36%
Grand père adoptif de Saori Mitsumasa Kido
36%
Cheval des mers Biann
35%
Intendant des Kido Tokumaru Tatsumi
34%
Lyumnades Kassa
32%
Sirène (mermaid) Thétis
32%
Papillon Myû
31%
Centaure Babel
30%
Cerbère Dante
30%
Mouche Dio
27%
Sphinx Pharaon
26%
Flèche Ptolémée
26%
Cocher Capella
22%
Balrog Rune
22%
Grand Chien Sirius
22%
Hercule Algethi
20%
Amie de Seiya Miho
20%
Achéron Charon
18%
Harpie Valentine
18%
Ver Laïmi
17%
Crapaud Zelos
17%
Deep Niobé
16%
Céphée Daidalos
15%
Gardien de l'île de Death Queen Guilty
15%
Gamin ami de Hyoga Yakoff
15%
Cyclope Gigant
14%
Chef des chevaliers noirs Jango
14%
Alraune Queen
14%
Mère de Hyoga Natassia
13%
Soeur de ce dernier Natassia
13%
Dullahan Cube
11%
Golem Rock
10%
Minotaure Gordon
9%
Gorgone Ox
9%
Basilic Sylphide
9%
Troll Yvan
8%
Orphelin Makoto
7%
Lycaon Phlégyas
7%
Scarabée Stand
7%
Orphelin Akira
6%
Soldat Squelette Markino
6%
Elfe Mills
6%
Chef des Blue warriors Alexer
5%
Dirigeant de Blue Graad Piotr
4%
Orphelin Tatsuya
4%
Aucun quiz correspondant
Distribution des résultats
% des personnes avec chaque résultat
Percentile par nombre de réponses
Votre historique - résultats
Vous n’avez pas pris ce quiz